000 002900000a22000970004500
100 1 _aMontgomery, Jim
245 1 0 _aMission leaders critique the "World christian global action plan"
300 _aVol.24, núm.4 (July-August, 2002), Páginas 12-14
773 0 _tMission Frontiers
942 _cANA
999 _c60396
_d60396